00331cam a22000977a 4500008004000000082001200040245009500052260004300147300001000190700003300200180718b1958 xxu||||| |||| 00| 0 eng d aU6x54 C aClassified list of public undertakings and other bodies in Indiacby Lok Sabha Secretariat aNew DelhibLok Sabha Secretariatc1958 a116p. aIndia. Lok Sabha Secretariat